[Event "Team Championship Russia (Blitz, Men)"]
[Site "Sochi"]
[Date "2018.10.10"]
[Round "8.20"]
[White "Hasangatin, Ramil"]
[Black "Derjabin, Ilja"]
[Result "0-1"]
[BlackElo "2356"]
[WhiteElo "2496"]
[LiveChessVersion "1.4.8"]

1. d4 {[%clk 0:03:02]} Nf6 {[%clk 0:03:03]} 2. Bf4 {[%clk 0:03:03]} c5
{[%clk 0:03:03]} 3. e3 {[%clk 0:03:04]} Qb6 {[%clk 0:03:03]} 4. Nc3
{[%clk 0:03:04]} e6 {[%clk 0:02:58]} 5. Rb1 {[%clk 0:02:35]} Be7 {[%clk 0:02:42]}
6. Nf3 {[%clk 0:02:23]} O-O {[%clk 0:02:40]} 7. Be2 {[%clk 0:02:19]} d5 8. dxc5
{[%clk 0:01:55]} Bxc5 {[%clk 0:02:26]} 9. O-O {[%clk 0:01:56]} Be7
{[%clk 0:02:25]} 10. Bd3 {[%clk 0:01:51]} Nbd7 {[%clk 0:02:14]} 11. b4
{[%clk 0:01:25]} a6 {[%clk 0:02:07]} 12. Qd2 {[%clk 0:01:07]} Nh5
{[%clk 0:02:02]} 13. Ne2 {[%clk 0:01:01]} Nxf4 {[%clk 0:01:59]} 14. exf4
{[%clk 0:01:02]} Bf6 {[%clk 0:01:56]} 15. c3 {[%clk 0:01:02]} g6 {[%clk 0:01:53]}
16. Ned4 {[%clk 0:01:02]} Bg7 {[%clk 0:01:42]} 17. Rfe1 {[%clk 0:01:03]} Nf6
{[%clk 0:01:38]} 18. Ne5 {[%clk 0:00:59]} Bd7 {[%clk 0:01:39]} 19. a3
{[%clk 0:00:46]} Rfd8 {[%clk 0:01:40]} 20. Rbc1 {[%clk 0:00:45]} Be8
{[%clk 0:01:39]} 21. Qe3 {[%clk 0:00:46]} Rac8 {[%clk 0:01:37]} 22. g3
{[%clk 0:00:38]} Qd6 {[%clk 0:01:37]} 23. Nb3 {[%clk 0:00:24]} h5
{[%clk 0:01:34]} 24. h4 {[%clk 0:00:25]} Bb5 {[%clk 0:01:23]} 25. Bxb5
{[%clk 0:00:23]} axb5 {[%clk 0:01:25]} 26. Nd4 {[%clk 0:00:23]} Qb6
{[%clk 0:01:18]} 27. Nb3 {[%clk 0:00:23]} Qxe3 {[%clk 0:01:12]} 28. Rxe3
{[%clk 0:00:24]} Ne4 {[%clk 0:01:13]} 29. Nd4 {[%clk 0:00:18]} Nd6
{[%clk 0:01:08]} 30. Rd3 {[%clk 0:00:14]} Ra8 {[%clk 0:00:53]} 31. Ra1
{[%clk 0:00:15]} Kf8 {[%clk 0:00:52]} 32. Kf1 {[%clk 0:00:15]} Ke7 33. Ke2 Rdc8
{[%clk 0:00:50]} 34. f3 {[%clk 0:00:12]} Nf5 {[%clk 0:00:45]} 35. Nxf5+
{[%clk 0:00:08]} gxf5 {[%clk 0:00:46]} 36. Re3 {[%clk 0:00:07]} Rc7
{[%clk 0:00:43]} 37. Kd2 {[%clk 0:00:08]} Bf6 38. Kc2 {[%clk 0:00:07]} Rf8
{[%clk 0:00:23]} 39. Rg1 {[%clk 0:00:08]} Rg8 {[%clk 0:00:23]} 40. Nd3
{[%clk 0:00:06]} Bxh4 {[%clk 0:00:19]} 41. Rh1 Bxg3 42. Kb3 {[%clk 0:00:08]} h4
{[%clk 0:00:19]} 43. Re2 {[%clk 0:00:08]} b6 {[%clk 0:00:18]} 44. Rc2
{[%clk 0:00:09]} Rgc8 {[%clk 0:00:19]} 45. Kb2 {[%clk 0:00:06]} f6
{[%clk 0:00:20]} 46. Kb3 {[%clk 0:00:06]} Kd6 {[%clk 0:00:21]} 47. Rcc1
{[%clk 0:00:05]} e5 {[%clk 0:00:21]} 48. Nb2 {[%clk 0:00:04]} e4 {[%clk 0:00:22]}
49. Rc2 {[%clk 0:00:05]} Bxf4 {[%clk 0:00:23]} 50. Nd1 {[%clk 0:00:05]} Bg3
{[%clk 0:00:24]} 51. Rd2 {[%clk 0:00:06]} f4 {[%clk 0:00:24]} 52. Re2
{[%clk 0:00:04]} Ke5 {[%clk 0:00:25]} 53. Rc2 f5 {[%clk 0:00:24]} 54. Nb2
{[%clk 0:00:05]} e3 {[%clk 0:00:21]} 55. c4 {[%clk 0:00:05]} d4 {[%clk 0:00:16]}
0-1

[Event "Team Championship Russia (Blitz, Men)"]
[Site "Sochi"]
[Date "2018.10.10"]
[Round "8.22"]
[White "Afanasiev, Nikita"]
[Black "Dilmukhametov, Artur"]
[Result "0-1"]
[BlackElo "2375"]
[WhiteElo "2543"]
[LiveChessVersion "1.4.8"]

1. e4 {[%clk 0:03:02]} e6 {[%clk 0:03:02]} 2. d4 {[%clk 0:03:03]} d5
{[%clk 0:03:03]} 3. Bd3 {[%clk 0:03:03]} dxe4 {[%clk 0:02:59]} 4. Bxe4
{[%clk 0:03:04]} Nf6 {[%clk 0:03:00]} 5. Bf3 {[%clk 0:03:05]} c5 {[%clk 0:03:01]}
6. Ne2 {[%clk 0:03:05]} Nc6 {[%clk 0:03:00]} 7. Be3 {[%clk 0:03:02]} cxd4
{[%clk 0:02:58]} 8. Nxd4 {[%clk 0:03:01]} Ne5 {[%clk 0:02:58]} 9. Be2
{[%clk 0:02:54]} Nd5 {[%clk 0:02:54]} 10. Bc1 {[%clk 0:02:52]} Be7
{[%clk 0:02:36]} 11. Nf3 {[%clk 0:02:49]} Ng6 {[%clk 0:02:34]} 12. O-O
{[%clk 0:02:38]} O-O {[%clk 0:02:34]} 13. Nbd2 {[%clk 0:02:33]} b6
{[%clk 0:02:31]} 14. Re1 {[%clk 0:02:25]} Bb7 {[%clk 0:02:31]} 15. Bf1
{[%clk 0:02:26]} Qc7 {[%clk 0:02:26]} 16. c3 {[%clk 0:02:15]} Rfd8
{[%clk 0:02:17]} 17. g3 {[%clk 0:02:14]} Rac8 {[%clk 0:02:05]} 18. Bg2
{[%clk 0:02:11]} b5 {[%clk 0:02:02]} 19. a3 {[%clk 0:02:08]} Bc5 {[%clk 0:01:26]}
20. Qe2 {[%clk 0:02:05]} a6 {[%clk 0:01:25]} 21. Ne4 {[%clk 0:02:04]} Ba7
{[%clk 0:01:24]} 22. h4 {[%clk 0:02:05]} Nge7 {[%clk 0:01:16]} 23. Kh2
{[%clk 0:01:55]} h6 {[%clk 0:01:15]} 24. Ned2 {[%clk 0:01:34]} Nf5
{[%clk 0:01:14]} 25. Ne4 {[%clk 0:01:30]} Nd6 {[%clk 0:00:54]} 26. Nfd2
{[%clk 0:01:14]} Nf5 {[%clk 0:00:51]} 27. Nf3 {[%clk 0:01:06]} Nd6
{[%clk 0:00:52]} 28. Nxd6 {[%clk 0:00:44]} Rxd6 {[%clk 0:00:52]} 29. Ne5
{[%clk 0:00:44]} Rcd8 {[%clk 0:00:50]} 30. a4 {[%clk 0:00:37]} b4
{[%clk 0:00:50]} 31. c4 {[%clk 0:00:37]} Nf6 {[%clk 0:00:48]} 32. b3
{[%clk 0:00:32]} Bxg2 {[%clk 0:00:46]} 33. Kxg2 {[%clk 0:00:33]} Bd4
{[%clk 0:00:45]} 34. Ra2 {[%clk 0:00:26]} Bc3 {[%clk 0:00:46]} 35. Rf1
{[%clk 0:00:24]} Qb7+ {[%clk 0:00:39]} 36. Qf3 {[%clk 0:00:25]} Qxf3+
{[%clk 0:00:27]} 37. Nxf3 {[%clk 0:00:25]} Rd3 {[%clk 0:00:28]} 38. Be3
{[%clk 0:00:24]} Ne4 {[%clk 0:00:27]} 39. Re2 {[%clk 0:00:21]} Rc8
{[%clk 0:00:18]} 40. h5 {[%clk 0:00:18]} Nc5 {[%clk 0:00:17]} 41. Bxc5
{[%clk 0:00:13]} Rxc5 {[%clk 0:00:19]} 42. Rh1 {[%clk 0:00:14]} Bf6
{[%clk 0:00:16]} 43. Re3 {[%clk 0:00:11]} Rd8 {[%clk 0:00:12]} 44. g4
{[%clk 0:00:11]} Rc7 {[%clk 0:00:12]} 45. Rhe1 {[%clk 0:00:08]} Rcd7
{[%clk 0:00:12]} 46. R1e2 {[%clk 0:00:07]} Rd3 {[%clk 0:00:13]} 47. Rxd3
{[%clk 0:00:07]} Rxd3 {[%clk 0:00:15]} 48. Re3 {[%clk 0:00:09]} Rd1
{[%clk 0:00:16]} 49. Ne1 {[%clk 0:00:06]} Bc3 {[%clk 0:00:11]} 50. Nd3
{[%clk 0:00:06]} Rb1 {[%clk 0:00:12]} 51. a5 {[%clk 0:00:04]} Rxb3
{[%clk 0:00:13]} 52. Nxb4 {[%clk 0:00:04]} Rxb4 {[%clk 0:00:12]} 53. Rxc3
{[%clk 0:00:05]} Kf8 {[%clk 0:00:11]} 54. Rd3 {[%clk 0:00:06]} Ke7
{[%clk 0:00:12]} 55. c5 {[%clk 0:00:06]} Rxg4+ {[%clk 0:00:12]} 56. Kf3
{[%clk 0:00:06]} Rc4 {[%clk 0:00:13]} 57. Rd6 {[%clk 0:00:07]} Rxc5
{[%clk 0:00:15]} 58. Rxa6 {[%clk 0:00:09]} Rxh5 {[%clk 0:00:16]} 59. Ra7+
{[%clk 0:00:10]} Kf6 {[%clk 0:00:17]} 60. Kg3 {[%clk 0:00:10]} Rb5
{[%clk 0:00:18]} 61. Kg2 {[%clk 0:00:11]} g5 {[%clk 0:00:19]} 62. Ra8
{[%clk 0:00:12]} h5 {[%clk 0:00:20]} 63. Kg1 {[%clk 0:00:12]} Kf5
{[%clk 0:00:19]} 64. Kg2 {[%clk 0:00:13]} f6 {[%clk 0:00:20]} 65. Kg1
{[%clk 0:00:14]} h4 {[%clk 0:00:20]} 66. Kf1 {[%clk 0:00:15]} Kf4
{[%clk 0:00:19]} 67. Kg2 {[%clk 0:00:16]} f5 {[%clk 0:00:20]} 68. a6
{[%clk 0:00:15]} Ra5 {[%clk 0:00:21]} 69. a7 {[%clk 0:00:14]} e5 {[%clk 0:00:22]}
70. Kg1 {[%clk 0:00:13]} g4 {[%clk 0:00:23]} 71. Kg2 {[%clk 0:00:13]} Ra2
{[%clk 0:00:24]} 0-1

[Event "Team Championship Russia (Blitz, Men)"]
[Site "Sochi"]
[Date "2018.10.10"]
[Round "8.23"]
[White "Inozemtsev, Sergei"]
[Black "Kozionov, Kirill"]
[Result "1/2-1/2"]
[BlackElo "2442"]
[WhiteElo "2312"]
[LiveChessVersion "1.4.8"]

1. e4 {[%clk 0:03:02]} c5 {[%clk 0:03:03]} 2. Nf3 {[%clk 0:03:03]} d6
{[%clk 0:03:05]} 3. Bb5+ {[%clk 0:03:03]} Nd7 {[%clk 0:03:05]} 4. d4
{[%clk 0:03:04]} cxd4 {[%clk 0:03:06]} 5. Qxd4 {[%clk 0:03:05]} a6
{[%clk 0:03:07]} 6. Bxd7+ {[%clk 0:03:06]} Bxd7 {[%clk 0:03:08]} 7. Nc3
{[%clk 0:03:07]} Rc8 {[%clk 0:02:52]} 8. O-O {[%clk 0:03:03]} e5 {[%clk 0:02:46]}
9. Qd3 {[%clk 0:03:04]} h6 {[%clk 0:02:23]} 10. a4 {[%clk 0:02:51]} Nf6
{[%clk 0:02:23]} 11. Rd1 {[%clk 0:02:47]} Qc7 {[%clk 0:02:10]} 12. a5
{[%clk 0:02:38]} Be7 {[%clk 0:02:11]} 13. Be3 {[%clk 0:02:39]} O-O
{[%clk 0:02:01]} 14. Nd2 {[%clk 0:02:18]} Be6 {[%clk 0:01:42]} 15. Bb6
{[%clk 0:02:13]} Qc6 {[%clk 0:01:35]} 16. Nf1 {[%clk 0:02:10]} Nd7
{[%clk 0:01:30]} 17. Be3 {[%clk 0:01:46]} Rfd8 {[%clk 0:01:23]} 18. Ng3
{[%clk 0:01:16]} Nf6 {[%clk 0:00:47]} 19. Bb6 {[%clk 0:01:14]} Rd7
{[%clk 0:00:48]} 20. Qe2 {[%clk 0:00:43]} Bg4 {[%clk 0:00:38]} 21. f3
{[%clk 0:00:44]} Be6 {[%clk 0:00:39]} 22. Kh1 {[%clk 0:00:38]} d5
{[%clk 0:00:31]} 23. exd5 {[%clk 0:00:36]} Nxd5 {[%clk 0:00:32]} 24. Nxd5
{[%clk 0:00:32]} Rxd5 {[%clk 0:00:28]} 25. Rxd5 {[%clk 0:00:28]} Qxd5
{[%clk 0:00:23]} 26. Rd1 {[%clk 0:00:18]} Qc6 {[%clk 0:00:24]} 27. c3
{[%clk 0:00:15]} Qa4 {[%clk 0:00:23]} 28. Re1 {[%clk 0:00:14]} Bd8
{[%clk 0:00:15]} 29. Bxd8 {[%clk 0:00:12]} Rxd8 {[%clk 0:00:16]} 30. Qxe5
{[%clk 0:00:13]} Qb5 {[%clk 0:00:09]} 31. Qxb5 {[%clk 0:00:11]} axb5
{[%clk 0:00:10]} 32. Ne4 {[%clk 0:00:11]} Bc4 {[%clk 0:00:06]} 33. h4
{[%clk 0:00:11]} Kf8 {[%clk 0:00:07]} 34. b4 {[%clk 0:00:09]} Rd5
{[%clk 0:00:06]} 35. Kh2 {[%clk 0:00:10]} Re5 {[%clk 0:00:05]} 36. Rd1
{[%clk 0:00:10]} Bd5 {[%clk 0:00:05]} 37. Nc5 {[%clk 0:00:11]} Bc6
{[%clk 0:00:05]} 38. Rd8+ {[%clk 0:00:12]} Ke7 {[%clk 0:00:06]} 39. Rb8
{[%clk 0:00:13]} Kd6 {[%clk 0:00:04]} 40. Rf8 {[%clk 0:00:13]} Re7
{[%clk 0:00:04]} 41. Rg8 {[%clk 0:00:11]} g6 {[%clk 0:00:05]} 42. Kg3
{[%clk 0:00:11]} Kc7 {[%clk 0:00:05]} 43. a6 {[%clk 0:00:11]} bxa6
{[%clk 0:00:05]} 44. Nxa6+ {[%clk 0:00:12]} Kd6 {[%clk 0:00:06]} 45. Nc5
{[%clk 0:00:11]} Re3 {[%clk 0:00:07]} 46. Rc8 {[%clk 0:00:11]} Re2
{[%clk 0:00:04]} 47. Rf8 {[%clk 0:00:09]} Bd5 {[%clk 0:00:04]} 48. Rd8+
{[%clk 0:00:09]} Kc6 {[%clk 0:00:05]} 49. Rc8+ {[%clk 0:00:10]} Kd6
{[%clk 0:00:06]} 50. Rd8+ {[%clk 0:00:11]} Kc6 {[%clk 0:00:07]} 51. Rc8+
{[%clk 0:00:11]} Kd6 {[%clk 0:00:08]} 52. Rd8+ {[%clk 0:00:12]} Ke5 1/2-1/2

[Event "Team Championship Russia (Blitz, Men)"]
[Site "Sochi"]
[Date "2018.10.10"]
[Round "8.24"]
[White "Apryshko, Gleb"]
[Black "Pogromsky, Mikhail"]
[Result "0-1"]
[BlackElo "2462"]
[WhiteElo "2440"]
[LiveChessVersion "1.4.8"]

1. e4 {[%clk 0:03:03]} Nf6 2. Nc3 d5 3. e5 Nfd7 {[%clk 0:03:04]} 4. d4
{[%clk 0:03:08]} c5 {[%clk 0:03:05]} 5. e6 {[%clk 0:03:07]} fxe6 6. Nf3 a6
{[%clk 0:03:03]} 7. dxc5 {[%clk 0:03:10]} Nc6 {[%clk 0:03:04]} 8. Be3
{[%clk 0:03:10]} Nf6 {[%clk 0:03:01]} 9. Na4 {[%clk 0:02:55]} e5 {[%clk 0:02:55]}
10. Nb6 {[%clk 0:02:56]} Rb8 {[%clk 0:02:56]} 11. c3 {[%clk 0:02:49]} e4
{[%clk 0:02:43]} 12. Nd4 {[%clk 0:02:36]} e5 {[%clk 0:02:40]} 13. Nxc6
{[%clk 0:02:37]} bxc6 {[%clk 0:02:41]} 14. Qa4 {[%clk 0:02:38]} Qc7
{[%clk 0:02:38]} 15. O-O-O {[%clk 0:02:35]} Be6 {[%clk 0:02:29]} 16. g4
{[%clk 0:02:29]} h6 {[%clk 0:02:17]} 17. h4 {[%clk 0:02:09]} Be7 {[%clk 0:02:18]}
18. Bh3 {[%clk 0:02:08]} Kf7 {[%clk 0:02:04]} 19. g5 {[%clk 0:01:05]} hxg5
{[%clk 0:02:04]} 20. Bxe6+ {[%clk 0:01:06]} Kxe6 {[%clk 0:02:00]} 21. hxg5
{[%clk 0:01:03]} Ng4 {[%clk 0:01:58]} 22. Nxd5 {[%clk 0:01:01]} cxd5
{[%clk 0:01:51]} 23. Qxa6+ {[%clk 0:01:03]} Kf5 {[%clk 0:01:49]} 24. Rxh8
{[%clk 0:00:35]} Rxh8 {[%clk 0:01:50]} 25. Rg1 {[%clk 0:00:31]} Bxc5
{[%clk 0:01:28]} 26. Bxc5 {[%clk 0:00:09]} Qxc5 27. Qb7 Rh4 {[%clk 0:00:28]} 28.
Qf7+ {[%clk 0:00:12]} Kxg5 {[%clk 0:00:28]} 29. Qxg7+ {[%clk 0:00:12]} Kf5
{[%clk 0:00:27]} 30. Qf7+ {[%clk 0:00:14]} Kg5 {[%clk 0:00:24]} 31. Qg7+
{[%clk 0:00:07]} Kf5 {[%clk 0:00:26]} 32. Qf7+ {[%clk 0:00:08]} Nf6
{[%clk 0:00:23]} 33. Rg6 {[%clk 0:00:04]} Qb6 {[%clk 0:00:19]} 34. Rg7
{[%clk 0:00:03]} Rh1+ {[%clk 0:00:19]} 35. Kc2 {[%clk 0:00:05]} Qxf2+ 36. Kb3
Qb6+ {[%clk 0:00:21]} 37. Ka3 {[%clk 0:00:07]} Rh6 {[%clk 0:00:17]} 38. Rg2
{[%clk 0:00:03]} e3 {[%clk 0:00:14]} 39. Qg7 {[%clk 0:00:04]} Rh5
{[%clk 0:00:12]} 40. Rg3 {[%clk 0:00:04]} e4 {[%clk 0:00:12]} 41. Qg6+
{[%clk 0:00:03]} Ke6 {[%clk 0:00:13]} 42. Qg7 {[%clk 0:00:03]} Qd6+
{[%clk 0:00:14]} 43. Kb3 {[%clk 0:00:04]} d4 44. cxd4 {[%clk 0:00:05]} Rb5+
{[%clk 0:00:13]} 45. Kc2 {[%clk 0:00:06]} Qxd4 {[%clk 0:00:12]} 46. b3
{[%clk 0:00:03]} Rc5+ {[%clk 0:00:11]} 47. Kb1 {[%clk 0:00:04]} Qd2
{[%clk 0:00:10]} 48. Rg1 {[%clk 0:00:04]} e2 {[%clk 0:00:12]} 49. Qg3
{[%clk 0:00:05]} Qd1+ {[%clk 0:00:12]} 50. Kb2 {[%clk 0:00:06]} Qd2+
{[%clk 0:00:13]} 51. Kb1 {[%clk 0:00:07]} Qd3+ {[%clk 0:00:15]} 0-1

[Event "Team Championship Russia (Blitz, Men)"]
[Site "Sochi"]
[Date "2018.10.10"]
[Round "8.25"]
[White "Rozhko, Dmitry"]
[Black "Chigaev, Maksim"]
[Result "0-1"]
[BlackElo "2616"]
[WhiteElo "2218"]
[LiveChessVersion "1.4.8"]

1. e4 {[%clk 0:03:03]} g6 {[%clk 0:03:03]} 2. d4 Bg7 3. c3 {[%clk 0:03:05]} d6
{[%clk 0:03:06]} 4. Nf3 {[%clk 0:03:04]} Nf6 {[%clk 0:03:08]} 5. Bd3
{[%clk 0:03:01]} O-O {[%clk 0:03:08]} 6. h3 {[%clk 0:03:03]} Nc6 {[%clk 0:03:07]}
7. O-O {[%clk 0:03:02]} e5 {[%clk 0:03:09]} 8. Re1 {[%clk 0:03:02]} Re8
{[%clk 0:03:10]} 9. b4 {[%clk 0:02:53]} exd4 {[%clk 0:02:49]} 10. cxd4
{[%clk 0:02:50]} Nxb4 {[%clk 0:02:46]} 11. Bf1 {[%clk 0:02:50]} Nxe4
{[%clk 0:02:34]} 12. a3 {[%clk 0:02:36]} Nd5 {[%clk 0:02:27]} 13. Qc2
{[%clk 0:02:30]} Nef6 {[%clk 0:02:23]} 14. Bc4 {[%clk 0:02:27]} Rxe1+
{[%clk 0:02:21]} 15. Nxe1 {[%clk 0:02:28]} c6 {[%clk 0:02:19]} 16. Bg5
{[%clk 0:02:26]} Bf5 {[%clk 0:02:16]} 17. Qb3 {[%clk 0:02:22]} Qb6
{[%clk 0:02:15]} 18. Qa2 {[%clk 0:02:18]} Qxd4 {[%clk 0:02:08]} 19. Nf3
{[%clk 0:02:17]} Qc5 {[%clk 0:02:04]} 20. Nbd2 {[%clk 0:02:16]} Ne4
{[%clk 0:01:53]} 21. Rf1 {[%clk 0:01:44]} Nec3 {[%clk 0:01:39]} 22. Qb3
{[%clk 0:01:37]} b5 {[%clk 0:01:40]} 23. Bxd5 {[%clk 0:01:29]} Qxd5
{[%clk 0:01:41]} 24. Be7 {[%clk 0:01:15]} Qxb3 {[%clk 0:01:26]} 25. Nxb3
{[%clk 0:01:16]} d5 {[%clk 0:01:27]} 26. Nbd4 {[%clk 0:01:12]} Bd7
{[%clk 0:01:18]} 27. Rc1 {[%clk 0:01:03]} Re8 {[%clk 0:01:15]} 28. Bb4
{[%clk 0:00:56]} Ne2+ {[%clk 0:01:11]} 29. Nxe2 {[%clk 0:00:57]} Rxe2
{[%clk 0:01:11]} 30. Kf1 {[%clk 0:00:51]} Re4 {[%clk 0:01:12]} 31. Nd2
{[%clk 0:00:49]} Re8 {[%clk 0:01:03]} 32. Nb3 {[%clk 0:00:47]} d4
{[%clk 0:00:54]} 33. Nc5 {[%clk 0:00:44]} Be6 {[%clk 0:00:50]} 34. Ne4
{[%clk 0:00:23]} Bc4+ {[%clk 0:00:50]} 35. Kg1 {[%clk 0:00:24]} Rxe4
{[%clk 0:00:50]} 0-1

[Event "Team Championship Russia (Blitz, Men)"]
[Site "Sochi"]
[Date "2018.10.10"]
[Round "8.26"]
[White "Lugovskoy, Maxim"]
[Black "Nechaev, Oleg"]
[Result "0-1"]
[BlackElo "2327"]
[WhiteElo "2436"]
[LiveChessVersion "1.4.8"]

1. e4 {[%clk 0:03:02]} c5 {[%clk 0:03:03]} 2. c3 {[%clk 0:03:03]} Nc6
{[%clk 0:03:03]} 3. Nf3 {[%clk 0:03:03]} d5 {[%clk 0:03:02]} 4. e5
{[%clk 0:03:04]} Bg4 {[%clk 0:03:01]} 5. d4 {[%clk 0:03:03]} cxd4
{[%clk 0:02:59]} 6. cxd4 {[%clk 0:03:04]} Bxf3 {[%clk 0:02:59]} 7. gxf3
{[%clk 0:03:05]} e6 {[%clk 0:02:59]} 8. Nc3 {[%clk 0:03:06]} Nge7
{[%clk 0:02:59]} 9. Be3 {[%clk 0:03:04]} Nf5 {[%clk 0:02:58]} 10. Bd3
{[%clk 0:02:55]} Nfxd4 {[%clk 0:02:47]} 11. Bxd4 {[%clk 0:02:50]} Nxd4
{[%clk 0:02:47]} 12. Qa4+ {[%clk 0:02:41]} Nc6 {[%clk 0:02:47]} 13. f4
{[%clk 0:02:42]} Be7 {[%clk 0:02:31]} 14. f5 {[%clk 0:02:43]} O-O
{[%clk 0:02:25]} 15. f6 {[%clk 0:02:44]} Bb4 {[%clk 0:02:24]} 16. Qd1
{[%clk 0:02:31]} g6 {[%clk 0:01:57]} 17. f4 {[%clk 0:01:23]} d4 {[%clk 0:01:47]}
18. a3 {[%clk 0:01:24]} dxc3 {[%clk 0:01:47]} 19. axb4 {[%clk 0:01:26]} cxb2
{[%clk 0:01:47]} 20. Rb1 {[%clk 0:01:27]} Qd5 {[%clk 0:01:40]} 21. Rg1
{[%clk 0:01:17]} Rfd8 {[%clk 0:01:40]} 22. Rg3 {[%clk 0:01:14]} Nxb4
{[%clk 0:01:38]} 23. Ke2 {[%clk 0:01:09]} Nxd3 {[%clk 0:01:34]} 24. Qxd3
{[%clk 0:01:05]} Qa2 {[%clk 0:01:24]} 25. Qc2 {[%clk 0:00:58]} Rac8
{[%clk 0:00:56]} 26. Qe4 {[%clk 0:00:58]} Rc1 {[%clk 0:00:45]} 27. Rd3
{[%clk 0:01:00]} Rdc8 {[%clk 0:00:38]} 28. Qd4 {[%clk 0:01:00]} R1c2+
{[%clk 0:00:25]} 29. Ke3 {[%clk 0:01:01]} h5 {[%clk 0:00:25]} 30. f5
{[%clk 0:00:52]} Qxb1 {[%clk 0:00:24]} 31. fxg6 Qg1+ {[%clk 0:00:24]} 32. Kf3
{[%clk 0:00:43]} Qxd4 {[%clk 0:00:23]} 33. Rxd4 {[%clk 0:00:44]} R8c3+
{[%clk 0:00:18]} 34. Kf4 {[%clk 0:00:44]} Rc4 {[%clk 0:00:19]} 35. Kg5
{[%clk 0:00:44]} Rxd4 {[%clk 0:00:18]} 36. h4 {[%clk 0:00:44]} Rg4+
{[%clk 0:00:17]} 37. Kh6 {[%clk 0:00:43]} Rxg6+ {[%clk 0:00:17]} 38. Kxh5
{[%clk 0:00:44]} Rg3 {[%clk 0:00:15]} 39. Kh6 {[%clk 0:00:46]} Kf8
{[%clk 0:00:13]} 40. h5 {[%clk 0:00:47]} Rh2 {[%clk 0:00:14]} 41. Kh7
{[%clk 0:00:48]} Rxh5# {[%clk 0:00:14]} 0-1

[Event "Team Championship Russia (Blitz, Men)"]
[Site "Sochi"]
[Date "2018.10.10"]
[Round "8.27"]
[White "Tekeyev, Zaur"]
[Black "Oganian, Miran"]
[Result "1-0"]
[BlackElo "2466"]
[WhiteElo "2301"]
[LiveChessVersion "1.4.8"]

1. e4 {[%clk 0:03:03]} c5 {[%clk 0:03:04]} 2. Nf3 {[%clk 0:03:04]} e6
{[%clk 0:03:05]} 3. d4 {[%clk 0:03:02]} cxd4 {[%clk 0:03:06]} 4. Nxd4
{[%clk 0:03:03]} Nc6 {[%clk 0:03:07]} 5. Nc3 {[%clk 0:03:04]} Qc7
{[%clk 0:03:09]} 6. g4 {[%clk 0:02:33]} a6 {[%clk 0:02:58]} 7. h4
{[%clk 0:02:34]} Bb4 {[%clk 0:02:49]} 8. Rh3 {[%clk 0:02:28]} Nf6
{[%clk 0:02:20]} 9. Bg2 {[%clk 0:02:04]} d5 {[%clk 0:02:06]} 10. Nxc6
{[%clk 0:01:19]} bxc6 {[%clk 0:01:58]} 11. g5 {[%clk 0:01:03]} Nxe4
{[%clk 0:01:46]} 12. Bxe4 {[%clk 0:01:04]} Qe5 {[%clk 0:01:43]} 13. Bd2
{[%clk 0:00:23]} dxe4 {[%clk 0:01:36]} 14. Qe2 {[%clk 0:00:20]} O-O
{[%clk 0:01:28]} 15. O-O-O {[%clk 0:00:20]} c5 {[%clk 0:01:11]} 16. Nxe4
{[%clk 0:00:12]} Bb7 {[%clk 0:01:01]} 17. Ng3 {[%clk 0:00:09]} Bxd2+
{[%clk 0:00:51]} 18. Rxd2 {[%clk 0:00:10]} Qf4 {[%clk 0:00:52]} 19. Qe3
{[%clk 0:00:06]} Qc4 {[%clk 0:00:43]} 20. b3 {[%clk 0:00:06]} Qb5
{[%clk 0:00:41]} 21. h5 {[%clk 0:00:06]} c4 {[%clk 0:00:22]} 22. h6
{[%clk 0:00:07]} cxb3 {[%clk 0:00:23]} 23. axb3 {[%clk 0:00:08]} Rfc8
{[%clk 0:00:21]} 24. Nh5 {[%clk 0:00:07]} Qf1+ {[%clk 0:00:17]} 25. Kb2
{[%clk 0:00:08]} Be4 {[%clk 0:00:08]} 26. Qxe4 {[%clk 0:00:04]} Qxh3
{[%clk 0:00:09]} 27. Qd4 {[%clk 0:00:03]} f6 {[%clk 0:00:04]} 28. Qd7
{[%clk 0:00:04]} Qc3+ {[%clk 0:00:04]} 29. Kb1 {[%clk 0:00:06]} Qc7
{[%clk 0:00:04]} 30. Qxe6+ Qf7 31. Qg4 {[%clk 0:00:05]} f5 {[%clk 0:00:05]} 32.
Qf3 {[%clk 0:00:04]} Rd8 {[%clk 0:00:04]} 33. Rxd8+ {[%clk 0:00:05]} Rxd8
{[%clk 0:00:05]} 34. hxg7 {[%clk 0:00:06]} Re8 {[%clk 0:00:03]} 35. Nf6+
{[%clk 0:00:07]} Kxg7 {[%clk 0:00:04]} 36. Nxe8+ Qxe8 {[%clk 0:00:05]} 37. Qxf5
{[%clk 0:00:08]} Qe1+ {[%clk 0:00:04]} 38. Kb2 {[%clk 0:00:10]} a5
{[%clk 0:00:05]} 39. Qf6+ {[%clk 0:00:11]} Kg8 {[%clk 0:00:06]} 40. Qd8+
{[%clk 0:00:12]} Kg7 {[%clk 0:00:07]} 41. Qf6+ Kg8 {[%clk 0:00:10]} 42. g6
{[%clk 0:00:14]} hxg6 43. Qxg6+ {[%clk 0:00:15]} Kf8 {[%clk 0:00:12]} 44. Qf6+
{[%clk 0:00:16]} Ke8 {[%clk 0:00:13]} 45. f4 {[%clk 0:00:16]} Qb4
{[%clk 0:00:12]} 46. Qe5+ {[%clk 0:00:17]} Kd7 {[%clk 0:00:13]} 47. Qd5+
{[%clk 0:00:16]} Ke7 {[%clk 0:00:11]} 48. f5 {[%clk 0:00:15]} a4 {[%clk 0:00:07]}
49. Qe6+ {[%clk 0:00:16]} Kf8 {[%clk 0:00:08]} 50. Qf6+ {[%clk 0:00:15]} Ke8
{[%clk 0:00:08]} 51. Qe6+ {[%clk 0:00:14]} Kf8 {[%clk 0:00:09]} 52. f6
{[%clk 0:00:13]} axb3 {[%clk 0:00:06]} 53. Qe7+ {[%clk 0:00:14]} Qxe7
{[%clk 0:00:06]} 54. fxe7+ {[%clk 0:00:15]} Kxe7 {[%clk 0:00:07]} 55. Kxb3
{[%clk 0:00:13]} Kd6 {[%clk 0:00:06]} 56. Kc4 {[%clk 0:00:14]} Kc6
{[%clk 0:00:07]} 57. c3 {[%clk 0:00:14]} Kb6 {[%clk 0:00:08]} 58. Kd5
{[%clk 0:00:15]} Kb7 {[%clk 0:00:07]} 59. Kc5 {[%clk 0:00:12]} Kc7
{[%clk 0:00:06]} 60. c4 {[%clk 0:00:13]} Kc8 {[%clk 0:00:07]} 61. Kc6
{[%clk 0:00:12]} Kb8 {[%clk 0:00:08]} 62. Kd7 {[%clk 0:00:13]} Kb7
{[%clk 0:00:08]} 63. c5 {[%clk 0:00:14]} 1-0